[Event "29. Friedensfest-Open (AFRO-A)"]
[Site "Augsburg"]
[Date "2024.08.08"]
[Round "2.30"]
[White "Schindler, Alexander"]
[Black "Retzlaff, Nick"]
[Result "1-0"]
[WhiteElo "1956"]
[BlackElo "1823"]
[EventDate "2024.08.08"]
[Time "15:30:00"]
[WhiteNrv "1956"]
[BlackNrv "1823"]
[WhiteTwz "1956"]
[BlackTwz "1823"]
[WhiteFideId "16248295"]
[BlackFideId "34610367"]
[WhiteNatFedId "10270604"]
[BlackNatFedId "10742725"]
[WhiteAttr "M"]
[BlackAttr "M"]
[WhiteTeam "SF Augsburg"]
[BlackTeam "SF 59 Kornwestheim"]
[PlyCount "0"]

1.e4 c5 2.Nc3 Nc6 3.d3 e6 4.g3 d5 5.exd5 exd5 6.Bg2 Nf6 7.Bf4 Bd6 8.Nge2 
Be6 9.O-O O-O 10.Qd2 Rc8 11.Bxd6 Qxd6 12.d4 Rfe8 13.Rad1 Nxd4 14.Nxd4 cxd4
15.Qxd4 Qc5 16.Qxc5 Rxc5 17.Rd2 Rec8 18.Rc1 b5 19.a3 a6 20.f3 h6 21.Ne2 
Bf5 22.Nd4 Bg6 23.c3 Rc4 24.Re1 R4c7 25.Re5 Re8 26.Rde2 Rxe5 27.Rxe5 Rd7 
28.Kf2 Kf8 29.Ke3 Re7 30.Rxe7 Kxe7 31.b4 Kd6 32.Nb3 Nd7 33.f4 h5 34.Kd4 
Nb6 35.Nc5 Nc4 36.Bxd5 Nxa3 37.Bb3 Nc2+ 38.Bxc2 Bxc2 39.Nxa6 f6 40.Nc5 Bd1
41.h4 Be2 42.Ne4+ Kc6 43.Nd2 Kd6 44.c4 bxc4 45.Nxc4+ Ke6 46.b5 Bf3 47.Kc5 
Ba8 48.Nd6 Bh1 49.b6 Ba8 50.Ne8 Kf5 51.Nxg7+ Kg4 52.Kd6 Kxg3 53.Nxh5+ Kxh4
54.Nxf6 Bb7 55.Nd5 Kh5 56.f5 Kh6 57.f6 Kh7 58.f7 Kg7 59.Ke7 1-0

[Event "29. Friedensfest-Open (AFRO-A)"]
[Site "Augsburg"]
[Date "2024.08.08"]
[Round "2.31"]
[White "Latka, Robert"]
[Black "Dauer, Maximilian"]
[Result "1/2-1/2"]
[WhiteElo "1837"]
[BlackElo "1948"]
[EventDate "2024.08.08"]
[Time "15:30:00"]
[WhiteNrv "1837"]
[BlackNrv "1948"]
[WhiteTwz "1837"]
[BlackTwz "1948"]
[WhiteFideId "24690074"]
[BlackFideId "1270802"]
[WhiteNatFedId "10124815"]
[BlackNatFedId "10033526"]
[WhiteAttr "M"]
[BlackAttr "M"]
[WhiteTeam "fuss brothers Jena"]
[BlackTeam "Spgem Koetz/Ichenhausen"]
[PlyCount "0"]

1.e4 c6 2.d4 d5 3.exd5 cxd5 4.Bd3 Nc6 5.c3 Qc7 6.Ne2 Bg4 7.Bf4 Qxf4 8.Nxf4
Bxd1 9.Kxd1 e6 10.Re1 Nf6 11.Nd2 Bd6 12.Nh3 a6 13.f4 O-O 14.Nf3 Ng4 15.Ne5
Ngxe5 16.fxe5 Be7 17.Ng1 b5 18.Nf3 Rfc8 19.Kd2 Na5 20.Rab1 Rc6 21.Rec1 
Rac8 22.g3 g6 23.h4 h5 24.Ng5 b4 25.Rc2 Kg7 26.Rf1 Bxg5+ 1/2-1/2

[Event "29. Friedensfest-Open (AFRO-A)"]
[Site "Augsburg"]
[Date "2024.08.08"]
[Round "2.32"]
[White "Kuhn, Hubert"]
[Black "Stempfle, Tobias"]
[Result "1/2-1/2"]
[WhiteElo "1946"]
[BlackElo "1796"]
[EventDate "2024.08.08"]
[Time "15:30:00"]
[WhiteNrv "1946"]
[BlackNrv "1796"]
[WhiteTwz "1946"]
[BlackTwz "1796"]
[WhiteFideId "16216385"]
[BlackFideId "24698482"]
[WhiteNatFedId "10120594"]
[BlackNatFedId "10215172"]
[WhiteAttr "M"]
[BlackAttr "M"]
[WhiteTeam "MSA Zugzwang 82 e.V."]
[BlackTeam "SC Garching 1980 e.V."]
[PlyCount "0"]

1.d4 Nf6 2.Nf3 e6 3.Bf4 c5 4.e3 Nc6 5.c3 d5 6.Nbd2 Nh5 7.Bg5 f6 8.Bh4 g6 
9.Be2 cxd4 10.cxd4 Bd6 11.O-O O-O 12.Ne1 Ng7 13.Bg3 Nf5 14.Bxd6 Qxd6 15.
Nd3 Bd7 16.Rc1 Rac8 17.a3 Rc7 18.b4 1/2-1/2

[Event "29. Friedensfest-Open (AFRO-A)"]
[Site "Augsburg"]
[Date "2024.08.08"]
[Round "2.33"]
[White "Mayer, Manuel"]
[Black "Pellegrini, Noah"]
[Result "1-0"]
[WhiteElo "1832"]
[BlackElo "1919"]
[EventDate "2024.08.08"]
[Time "15:30:00"]
[WhiteNrv "1832"]
[BlackNrv "1919"]
[WhiteTwz "1832"]
[BlackTwz "1919"]
[WhiteFideId "34636838"]
[BlackFideId "1354094"]
[WhiteNatFedId "10762354"]
[WhiteAttr "M"]
[BlackAttr "M"]
[WhiteTeam "TSV Landsberg 1882"]
[BlackTeam "?"]
[PlyCount "0"]

1.d4 e6 2.c4 Nf6 3.g3 d5 4.Bg2 Be7 5.Nf3 O-O 6.O-O b6 7.Ne5 Bb7 8.Nc3 h6 
9.b3 Nbd7 10.Bb2 c5 11.e3 Rc8 12.Qe2 cxd4 13.exd4 Ba6 14.Nb5 Bxb5 15.cxb5 
Nxe5 16.dxe5 Nh7 17.f4 Qd7 18.Rad1 g6 19.g4 f5 20.gxf5 gxf5 21.Rf3 Rf7 22.
a4 Bf8 23.Rfd3 Rg7 24.Kh1 Rg4 25.Rxd5 Qb7 26.Rd7 Qxg2+ 27.Qxg2 Rxg2 28.
Kxg2 Rc2+ 29.R1d2 Rxd2+ 30.Rxd2 Bc5 31.Rd7 Nf8 32.Rxa7 Ng6 33.Kf3 Ne7 34.
Bd4 Bb4 35.Bxb6 Nd5 36.Bf2 Bd2 37.a5 Bxf4 38.Bg3 Be3 39.Rd7 Bd2 40.b6 Bxa5
41.b7 Bc7 42.Rxc7 1-0

[Event "29. Friedensfest-Open (AFRO-A)"]
[Site "Augsburg"]
[Date "2024.08.08"]
[Round "2.34"]
[White "Hennig, Konrad"]
[Black "Oezkurt, Kaan"]
[Result "1-0"]
[WhiteElo "1912"]
[BlackElo "1701"]
[EventDate "2024.08.08"]
[Time "15:30:00"]
[WhiteNrv "1912"]
[BlackNrv "1701"]
[WhiteTwz "1912"]
[BlackTwz "1701"]
[WhiteFideId "34622519"]
[BlackFideId "34655182"]
[WhiteNatFedId "10777014"]
[BlackNatFedId "10722110"]
[WhiteAttr "M"]
[BlackAttr "M"]
[WhiteTeam "FC Bayern Muenchen e.V."]
[BlackTeam "SK Freising"]
[PlyCount "0"]

1.d4 d5 2.Nf3 Nf6 3.c4 e6 4.Nc3 Be7 5.Bf4 O-O 6.e3 b6 7.cxd5 Nxd5 8.Bd3 
Nxf4 9.exf4 Bb7 10.O-O Nd7 11.Rc1 Nf6 12.Ne5 Nd5 13.Qg4 g6 14.Rfd1 h5 15.
Qh3 Nxf4 16.Qg3 Nxd3 17.Rxd3 Bh4 18.Qh3 Bf6 19.Re1 Qd6 20.g4 Bxe5 21.Rxe5 
Qc6 22.Kf1 Ba6 23.gxh5 Kg7 24.Kg1 Bxd3 25.Qxd3 Rh8 26.hxg6 fxg6 27.d5 Qd6 
28.Qd4 Kf8 29.Ne4 Qe7 30.Rxe6 Qh4 31.Rf6+ Ke8 32.Qe5+ Kd8 33.Rf7 Rc8 34.
Nf6 Qa4 35.Qe7# 1-0

[Event "29. Friedensfest-Open (AFRO-A)"]
[Site "Augsburg"]
[Date "2024.08.08"]
[Round "2.35"]
[White "Steinberger, Michael"]
[Black "Latka, Richard"]
[Result "1-0"]
[WhiteElo "1819"]
[BlackElo "1911"]
[EventDate "2024.08.08"]
[Time "15:30:00"]
[WhiteNrv "1819"]
[BlackNrv "1911"]
[WhiteTwz "1819"]
[BlackTwz "1911"]
[WhiteFideId "34622373"]
[BlackFideId "24690082"]
[WhiteNatFedId "10612014"]
[BlackNatFedId "10262408"]
[WhiteAttr "M"]
[BlackAttr "M"]
[WhiteTeam "SF Augsburg"]
[BlackTeam "fuss brothers Jena"]
[PlyCount "0"]

1.e4 c5 2.Nf3 Nc6 3.d4 cxd4 4.Nxd4 Nf6 5.Nc3 e5 6.Ndb5 d6 7.Bg5 a6 8.Na3 
b5 9.Nd5 Be7 10.Bxf6 Bxf6 11.c3 g6 12.Nc2 Bg7 13.Nce3 Be6 14.a4 bxa4 15.
Rxa4 a5 16.Bb5 Bd7 17.Nc4 O-O 18.Ndb6 Rb8 19.Nxd7 Qxd7 20.Qd5 Rxb5 21.Qxb5
Rb8 22.Qd5 Nb4 23.Qxd6 Qxa4 24.Qxb8+ Bf8 25.O-O Nd3 26.b3 Qa2 27.Nxe5 Nxe5
28.Qxe5 Qxb3 29.Qxa5 Qc4 30.Qd5 Qxc3 31.e5 Bc5 32.e6 fxe6 33.Qxe6+ Kg7 34.
Re1 Qc2 35.Qe2 1-0

[Event "29. Friedensfest-Open (AFRO-A)"]
[Site "Augsburg"]
[Date "2024.08.08"]
[Round "2.36"]
[White "Doll, Luca Fabio"]
[Black "Kelembet, Artem"]
[Result "1-0"]
[WhiteElo "1908"]
[BlackElo "1779"]
[EventDate "2024.08.08"]
[Time "15:30:00"]
[WhiteNrv "1908"]
[BlackNrv "1779"]
[WhiteTwz "1908"]
[BlackTwz "1779"]
[WhiteFideId "16282299"]
[BlackFideId "34684727"]
[WhiteNatFedId "10672379"]
[BlackNatFedId "10828569"]
[WhiteAttr "*"]
[BlackAttr "M"]
[WhiteTeam "TSV Langenau"]
[BlackTeam "SV Jedesheim 1921"]
[PlyCount "0"]

1.e4 e6 2.d4 d5 3.Nd2 dxe4 4.Nxe4 Bd7 5.Nf3 Bc6 6.Bd3 Nd7 7.O-O Ngf6 8.Qe2
Bxe4 9.Bxe4 c6 10.Bd3 Be7 11.c3 O-O 12.Re1 Qc7 13.Bg5 Nd5 14.Bxe7 Nxe7 15.
c4 Rfd8 16.Rac1 Qf4 17.Qc2 Nf6 18.Rcd1 Rac8 19.Qb3 Rd7 20.Ne5 Rdc7 21.g3 
Qh6 22.h4 Ng6 23.Bxg6 hxg6 24.Kg2 Qh5 25.f3 Qh8 26.c5 Kh7 27.Nc4 Qf8 28.g4
Qe7 29.h5 gxh5 30.Rh1 g6 31.Rde1 Kg7 32.gxh5 Nxh5 33.Reg1 Qf6 34.Qc3 Rh8 
35.Kf2 Rd7 36.Nd6 Qf4 37.Rg4 Qf6 38.Rxh5 Qe7 39.d5+ f6 40.Rxh8 Kxh8 41.
dxe6 Qxe6 42.Rxg6 Qh3 43.Qxf6+ Kh7 44.Rg2 Qh5 45.Qg5 Qxg5 46.Rxg5 b6 47.b4
bxc5 48.bxc5 Rd8 49.Rf5 Kg6 50.Rf4 Rd7 51.Rf8 Rh7 52.Kg3 Rh5 53.Ne4 Kg7 
54.Rf6 Rxc5 55.Nxc5 Kxf6 56.Kf4 a5 57.a4 Ke7 58.Ke5 1-0

[Event "29. Friedensfest-Open (AFRO-A)"]
[Site "Augsburg"]
[Date "2024.08.08"]
[Round "2.37"]
[White "Pachmayr, Stefan"]
[Black "Yaroshenko, Yaroslav"]
[Result "0-1"]
[WhiteElo "1776"]
[BlackElo "1899"]
[EventDate "2024.08.08"]
[Time "15:30:00"]
[WhiteNrv "1776"]
[BlackNrv "1899"]
[WhiteTwz "1776"]
[BlackTwz "1899"]
[WhiteFideId "356285791"]
[BlackFideId "16204905"]
[WhiteNatFedId "10136414"]
[BlackNatFedId "10277356"]
[WhiteAttr "*"]
[BlackAttr "M"]
[WhiteTeam "SF Dachau 1932 e.V."]
[BlackTeam "SK Graefelfing"]
[PlyCount "0"]

1.d4 g6 2.Nf3 Bg7 3.c4 d6 4.e3 Nc6 5.Be2 e5 6.dxe5 Nxe5 7.O-O Ne7 8.Qc2 
O-O 9.Nc3 Bf5 10.e4 Nxf3+ 11.Bxf3 Be6 12.b3 Nc6 13.Bb2 Nd4 14.Qd3 Be5 15.
Na4 c5 16.Bxd4 Bxd4 17.Rad1 Rb8 18.Nc3 a6 19.Nd5 Bd7 20.Rfe1 Re8 21.Qc2 b5
22.Rb1 Kg7 23.cxb5 axb5 24.Qd2 Ra8 25.Re2 Re5 26.Rc1 Bc6 27.Rc2 f5 28.Nf4 
fxe4 29.Bg4 Bd7 30.Bxd7 Qxd7 31.Kh1 Bxf2 32.Qc3 Bd4 33.Qg3 Rf8 34.h4 Qf5 
35.Nh3 Qf1+ 36.Kh2 Ref5 37.Rxe4 Be5 38.Rxe5 Rxe5 39.Rd2 Qf6 40.Ng5 h6 41.
Nf3 Re6 0-1

[Event "29. Friedensfest-Open (AFRO-A)"]
[Site "Augsburg"]
[Date "2024.08.08"]
[Round "2.38"]
[White "Mittermaier, Johann"]
[Black "Nagy, Peter"]
[Result "1/2-1/2"]
[WhiteElo "1898"]
[BlackElo "1814"]
[EventDate "2024.08.08"]
[Time "15:30:00"]
[WhiteNrv "1898"]
[BlackNrv "1814"]
[WhiteTwz "1898"]
[BlackTwz "1814"]
[WhiteFideId "16208382"]
[BlackFideId "34629211"]
[WhiteNatFedId "10144722"]
[BlackNatFedId "10793259"]
[WhiteAttr "M"]
[BlackAttr "M"]
[WhiteTeam "SV Deggendorf"]
[BlackTeam "Rosenheimer-SV in der"]
[PlyCount "0"]

1.e4 c5 2.c3 a6 3.d4 cxd4 4.cxd4 Nf6 5.Nc3 d5 6.e5 Ne4 7.f3 Nxc3 8.bxc3 
Bf5 9.Bd3 Bxd3 10.Qxd3 e6 11.f4 g6 12.Nf3 h5 13.Ng5 Nc6 14.O-O Be7 15.Nxe6
fxe6 16.Qxg6+ Kd7 17.f5 Qg8 18.Qxg8 Raxg8 19.f6 Bf8 20.Rf3 Na5 21.Rb1 b5 
22.a4 Kc6 23.axb5+ axb5 24.Rf2 Nc4 25.Ra2 Rg4 26.Ra6+ Nb6 27.Ra5 b4 28.
cxb4 Rxd4 29.b5+ Kb7 30.Be3 Nc4 31.Bxd4 Nxa5 32.Ra1 Nb3 33.Ra7+ Kb8 34.Bf2
d4 35.Ra6 d3 36.Kf1 d2 37.Ke2 Bh6 38.Rxe6 Nc1+ 39.Kd1 Nd3 40.Bd4 Rc8 41.
Rc6 Rd8 42.Rd6 Rc8 1/2-1/2

[Event "29. Friedensfest-Open (AFRO-A)"]
[Site "Augsburg"]
[Date "2024.08.08"]
[Round "2.39"]
[White "Schrimpf, Michael"]
[Black "Bodriyenko, Markiyan"]
[Result "1-0"]
[WhiteElo "1780"]
[BlackElo "1889"]
[EventDate "2024.08.08"]
[Time "15:30:00"]
[WhiteNrv "1780"]
[BlackNrv "1889"]
[WhiteTwz "1780"]
[BlackTwz "1889"]
[WhiteFideId "1676237"]
[BlackFideId "34606696"]
[BlackNatFedId "10682789"]
[WhiteAttr "M"]
[BlackAttr "M"]
[WhiteTeam "SF Augsburg"]
[BlackTeam "SF 59 Kornwestheim"]
[PlyCount "0"]

1.e4 e5 2.Nf3 Nc6 3.Bc4 Nf6 4.Ng5 d5 5.exd5 Na5 6.Bb5+ c6 7.dxc6 bxc6 8.
Bd3 Ng4 9.Ne4 f5 10.Be2 Nf6 11.Nxf6+ Qxf6 12.d3 f4 13.Nd2 Be7 14.O-O O-O 
15.Bf3 Kh8 16.a3 Nb7 17.b4 e4 18.Bxe4 Qxa1 19.Qh5 g6 20.Bxg6 Qg7 21.Re1 
Bf6 22.Ne4 Qxg6 23.Qxg6 hxg6 24.Nxf6 Kg7 25.Ne8+ Rxe8 26.Rxe8 Nd6 27.Rd8 
Nf5 28.Bxf4 Kf6 29.f3 g5 30.Bd2 Bb7 31.Rxa8 Bxa8 32.Kf2 Bb7 33.g4 Ne7 34.
f4 gxf4 35.Bxf4 Bc8 36.Kf3 Ng6 37.Kg3 Be6 38.h4 Ba2 39.c3 Bb1 40.d4 Nxf4 
41.Kxf4 Bd3 42.h5 Be2 43.g5+ Kf7 44.h6 Bd3 45.Ke5 Kg6 46.Kd6 Be4 47.c4 
Kxg5 48.d5 cxd5 49.cxd5 Kxh6 50.Ke6 Kg7 51.d6 Kf8 52.d7 Bf5+ 53.Kd6 Bxd7 
54.Kxd7 Kf7 55.Kc7 Ke7 56.Kb7 a5 57.bxa5 1-0

[Event "29. Friedensfest-Open (AFRO-A)"]
[Site "Augsburg"]
[Date "2024.08.08"]
[Round "2.40"]
[White "Rempel, Alexander"]
[Black "Boehm, Bruno"]
[Result "1-0"]
[WhiteElo "1715"]
[BlackElo "1866"]
[EventDate "2024.08.08"]
[Time "15:30:00"]
[WhiteNrv "1715"]
[BlackNrv "1866"]
[WhiteTwz "1715"]
[BlackTwz "1866"]
[WhiteTitle ""]
[BlackTitle ""]
[WhiteFideId "34618600"]
[BlackFideId "4699238"]
[WhiteNatFedId "10586418"]
[BlackNatFedId "10019158"]
[WhiteAttr "M"]
[BlackAttr "M"]
[WhiteTeam "SF Augsburg"]
[BlackTeam "SK Freising"]
[PlyCount "0"]

1.e4 c5 2.Nf3 Nf6 3.e5 Nd5 4.d4 e6 5.c4 Nc7 6.Be3 cxd4 7.Bxd4 Nc6 8.Bc3 
Be7 9.Nbd2 O-O 10.Be2 d5 11.exd6 Bxd6 12.Ne4 Be7 13.O-O f6 14.Qb3 Na6 15.
Rad1 Qc7 16.a3 Kh8 17.Qa2 f5 18.Ng3 Nc5 19.b4 Na4 20.Ba1 Bf6 21.Bxf6 Rxf6 
22.Qa1 e5 23.Nxe5 Be6 24.Nxc6 Qxc6 25.c5 Bd5 26.Qd4 Bf7 27.b5 Qxc5 28.Qxa4
Bd5 29.Qd4 Qxd4 30.Rxd4 Be6 31.Rfd1 g6 32.Bf3 Rf7 33.Ne2 Rc8 34.Rd8+ Rxd8 
35.Rxd8+ Kg7 36.Rb8 Bc4 37.Nd4 b6 38.Rb7 Kf6 39.Rxf7+ Kxf7 40.Be2 Bd5 41.
Nc6 Bxc6 42.bxc6 Ke7 43.f4 1-0

[Event "29. Friedensfest-Open (AFRO-A)"]
[Site "Augsburg"]
[Date "2024.08.08"]
[Round "2.41"]
[White "Kelembet, Maksym"]
[Black "Ranganathan, Aadith"]
[Result "1-0"]
[WhiteElo "1864"]
[BlackElo "1666"]
[EventDate "2024.08.08"]
[Time "15:30:00"]
[WhiteNrv "1864"]
[BlackNrv "1666"]
[WhiteTwz "1864"]
[BlackTwz "1666"]
[WhiteFideId "34684735"]
[BlackFideId "34667121"]
[WhiteNatFedId "10828571"]
[BlackNatFedId "10806334"]
[WhiteAttr "M"]
[BlackAttr "M"]
[WhiteTeam "SV Jedesheim 1921"]
[BlackTeam "SC Unterhaching e.V."]
[PlyCount "0"]

1.Nf3 d5 2.d4 Nf6 3.c4 e6 4.Nc3 Be7 5.Bg5 O-O 6.e3 c6 7.cxd5 exd5 8.Qc2 h6
9.Bh4 Be6 10.Bd3 Nbd7 11.O-O Bg4 12.Ne5 Nxe5 13.dxe5 Nd7 14.Bxe7 Qxe7 15.
h3 Bh5 16.f4 Qc5 17.Rae1 Rad8 18.g4 d4 19.Ne4 Qxc2 20.Bxc2 d3 21.Bxd3 Nb6 
22.Nd6 Bg6 23.Bxg6 fxg6 24.Nxb7 Rd2 25.Rf2 Rd7 26.Nd6 Nc8 27.Rd2 Nxd6 28.
Rxd6 Rxd6 29.exd6 Rd8 30.Rd1 Kf7 31.e4 Ke6 32.e5 g5 33.fxg5 hxg5 34.Re1 
Rb8 35.Re2 Rd8 36.Re3 Rb8 37.b3 Rf8 38.Kg2 Rb8 39.Kf3 Rf8+ 40.Ke2 Rh8 41.
Kd3 Rb8 42.Kc4 Rb5 43.a4 Rb8 44.Kc5 Rc8 45.Rd3 Kd7 46.e6+ Kxe6 47.d7 Rd8 
48.Kxc6 Ke7 49.Re3+ Kf7 50.Kc7 Rxd7+ 51.Kxd7 a5 52.Re5 g6 53.Rxa5 Kg7 54.
Ke7 Kh6 55.Kf6 Kh7 56.Ra8 Kh6 57.Rh8# 1-0

[Event "29. Friedensfest-Open (AFRO-A)"]
[Site "Augsburg"]
[Date "2024.08.08"]
[Round "2.42"]
[White "Nezosi, Constantin"]
[Black "Kuehn, Marvin"]
[Result "1/2-1/2"]
[WhiteElo "1738"]
[BlackElo "1862"]
[EventDate "2024.08.08"]
[Time "15:30:00"]
[WhiteNrv "1738"]
[BlackNrv "1862"]
[WhiteTwz "1738"]
[BlackTwz "1862"]
[WhiteFideId "36066974"]
[BlackFideId "16281667"]
[BlackNatFedId "10709624"]
[WhiteAttr "M"]
[BlackAttr "M"]
[WhiteTeam "Vandeuvre Échecs"]
[BlackTeam "SK Graefelfing"]
[PlyCount "0"]

1.c4 g6 2.d4 Bg7 3.Nc3 c5 4.e3 cxd4 5.exd4 d5 6.cxd5 Nf6 7.Bb5+ Nbd7 8.Nf3
O-O 9.Ne5 Nb6 10.O-O a6 11.Be2 Nfxd5 12.Bf3 Be6 13.Re1 Rc8 14.Bd2 Nc4 15.
Nxc4 Rxc4 16.Nxd5 Bxd5 17.Bc3 e6 18.Be4 b5 19.a3 Bxe4 20.Rxe4 Qd5 21.Qe2 
Bxd4 22.Bxd4 Rxd4 23.Rxd4 Qxd4 24.Rd1 Qc4 25.g3 Qa4 26.Rd7 b4 27.Rd4 Rc8 
28.Rxb4 Rc1+ 29.Kg2 Qc6+ 30.Qe4 Qd6 31.Rd4 Qb6 32.Rb4 Qc5 33.Qd4 Qc6+ 34.
Qe4 Qc5 1/2-1/2

[Event "29. Friedensfest-Open (AFRO-A)"]
[Site "Augsburg"]
[Date "2024.08.08"]
[Round "2.43"]
[White "Heilig, Tim Markus"]
[Black "Sadighi, Armin"]
[Result "1-0"]
[WhiteElo "1851"]
[BlackElo "1737"]
[EventDate "2024.08.08"]
[Time "15:30:00"]
[WhiteNrv "1851"]
[BlackNrv "1737"]
[WhiteTwz "1851"]
[BlackTwz "1737"]
[WhiteFideId "16295935"]
[BlackFideId "16279956"]
[WhiteNatFedId "10692999"]
[BlackNatFedId "10806328"]
[WhiteAttr "M"]
[BlackAttr "M"]
[WhiteTeam "SF 1876 Goeppingen"]
[BlackTeam "MSA Zugzwang 82 e.V."]
[PlyCount "0"]

1.e4 e6 2.c4 d5 3.exd5 exd5 4.d4 Nf6 5.Nf3 Be7 6.Nc3 Bg4 7.cxd5 Nxd5 8.Bd3
c6 9.O-O O-O 10.Re1 Nb4 11.Be4 f5 12.Bb1 Nd5 13.a4 Kh8 14.Ba2 Bb4 15.Qd3 
Bxf3 16.Qxf3 Nf6 17.Be3 Ne4 18.Rac1 Nd7 19.d5 Ne5 20.Qd1 c5 21.Qc2 Bxc3 
22.bxc3 c4 23.Rcd1 Nd6 24.Bd4 Nd3 25.Re3 Ne4 26.Bxc4 Ndxf2 27.Rf1 Ng4 28.
Ref3 Qd6 29.g3 Rae8 30.Rxf5 Rxf5 31.Rxf5 Nef6 32.Qd2 Re4 33.Bd3 Rxd4 34.
cxd4 g6 35.Rf4 Qxd5 36.Qe2 Qg5 37.h3 Nh6 38.Qf2 Nhg8 39.h4 Qd5 40.Rxf6 
Nxf6 41.Qxf6+ Kg8 42.Qe5 Qb3 43.Be4 Qd1+ 44.Kh2 Qe2+ 45.Bg2 Qxe5 46.dxe5 
b6 47.g4 h6 48.Kg3 g5 49.hxg5 hxg5 50.Kf3 Kf8 51.Ke4 1-0

[Event "29. Friedensfest-Open (AFRO-A)"]
[Site "Augsburg"]
[Date "2024.08.08"]
[Round "2.44"]
[White "Stoll, Katja"]
[Black "Medvedev, Michael"]
[Result "1/2-1/2"]
[WhiteElo "1899"]
[BlackElo "1759"]
[EventDate "2024.08.08"]
[Time "15:30:00"]
[WhiteNrv "1899"]
[BlackNrv "1759"]
[WhiteTwz "1899"]
[BlackTwz "1759"]
[WhiteFideId "1271730"]
[BlackFideId "34650792"]
[WhiteNatFedId "10216731"]
[BlackNatFedId "10691830"]
[WhiteAttr "W"]
[BlackAttr "M"]
[WhiteTeam "SC Weisse Dame Ulm e.V."]
[BlackTeam "SK Rochade Augsburg"]
[PlyCount "0"]

1.e4 c6 2.d4 d5 3.e5 Bf5 4.Bd3 Bxd3 5.Qxd3 e6 6.Ne2 Nd7 7.O-O c5 8.c3 Ne7 
9.Nd2 Nc6 10.f4 Qb6 11.Kh1 g6 12.Nf3 Bg7 13.Ng5 Ne7 14.f5 gxf5 15.Nf4 h6 
16.Nh5 hxg5 17.Nxg7+ Kf8 18.Bxg5 Rh7 19.Bxe7+ Kxe7 20.Nxf5+ exf5 21.Qxf5 
Qg6 22.Qf3 Qh5 23.h3 Qxf3 24.Rxf3 cxd4 25.cxd4 Rc8 26.Rb3 b6 27.Ra3 a5 28.
Rc3 Rc4 29.Rxc4 dxc4 30.Rc1 b5 31.a4 Rh4 32.axb5 Rxd4 33.Ra1 Rd5 34.Rxa5 
Nb6 35.Kh2 Rxe5 36.Kg3 Kd6 37.Kf3 Kc5 38.g4 Kb4 39.Ra7 f6 40.Rf7 Kxb5 41.
Rxf6 Re1 42.g5 Na4 43.Kg4 Nxb2 44.g6 Nd3 45.Rf8 Ne5+ 46.Kh5 Nd7 47.g7 Rg1 
48.Rf5+ Kb4 49.Kh6 c3 50.Rg5 Rxg5 51.Kxg5 c2 52.g8=Q c1=Q+ 53.Kh4 Qh6+ 54.
Kg3 Qe3+ 55.Kh4 Ne5 56.Qb8+ Kc3 57.Qc7+ Kd2 58.Qa5+ Ke2 59.Qa2+ Kf3 60.Qg8
Ke4 61.Qa8+ Kf5 62.Qf8+ Kg6 63.Qg8+ Kf6 64.Qd8+ Ke6 65.Qe8+ Kd6 66.Qf8+ 
Kd5 67.Qd8+ Ke6 68.Qe8+ Kd5 69.Qd8+ Ke6 70.Qe8+ Kf6 71.Qh8+ Kf5 1/2-1/2

[Event "29. Friedensfest-Open (AFRO-A)"]
[Site "Augsburg"]
[Date "2024.08.08"]
[Round "2.45"]
[White "Glasschroeder, Maximilian"]
[Black "Zimmer, Christian"]
[Result "1-0"]
[WhiteElo "1854"]
[BlackElo "1757"]
[EventDate "2024.08.08"]
[Time "15:30:00"]
[WhiteNrv "1854"]
[BlackNrv "1757"]
[WhiteTwz "1854"]
[BlackTwz "1757"]
[WhiteFideId "34652590"]
[BlackFideId "16274423"]
[WhiteNatFedId "10775164"]
[BlackNatFedId "10680572"]
[WhiteAttr "M"]
[BlackAttr "M"]
[WhiteTeam "SK Weilheim e.V."]
[BlackTeam "SC Heideck-Hilpoltstein"]
[PlyCount "0"]

1.e4 c5 2.Nc3 e6 3.f4 d5 4.Nf3 Nf6 5.e5 Nfd7 6.Ne2 Nc6 7.d4 Qb6 8.c3 Be7 
9.Ng3 cxd4 10.cxd4 f6 11.a3 a5 12.Be2 a4 13.O-O fxe5 14.fxe5 O-O 15.Kh1 
Na5 16.Qxa4 Nb3 17.Qxa8 Nxa1 18.Qa4 Nb3 19.Bb5 Nxc1 20.Rxc1 Nb8 21.Nf1 Nc6
22.Rb1 Bd7 23.N1d2 Be8 24.Bxc6 bxc6 25.Qb3 Qa6 26.Qc3 Rf4 27.b4 Qe2 28.Re1
Qf2 29.Qe3 Qxe3 30.Rxe3 Bh5 31.Rc3 g5 32.h3 Bxf3 33.Nxf3 h5 34.Rd3 g4 35.
hxg4 hxg4 36.Nd2 Bh4 37.g3 Bxg3 38.Rxg3 Rxd4 39.Nb3 Re4 40.Nc5 1-0

[Event "29. Friedensfest-Open (AFRO-A)"]
[Site "Augsburg"]
[Date "2024.08.08"]
[Round "2.46"]
[White "Elsinga, Brian"]
[Black "Moradi, Yasamin"]
[Result "1-0"]
[WhiteElo "1811"]
[BlackElo "1642"]
[EventDate "2024.08.08"]
[Time "15:30:00"]
[WhiteNrv "1811"]
[BlackNrv "1642"]
[WhiteTwz "1811"]
[BlackTwz "1642"]
[WhiteFideId "1089439"]
[BlackFideId "34646795"]
[WhiteAttr "M"]
[BlackAttr "*"]
[WhiteTeam "?"]
[BlackTeam "?"]
[PlyCount "0"]

1.c4 c6 2.Nf3 Nf6 3.g3 e6 4.Bg2 d5 5.O-O Bd6 6.d4 b6 7.Qc2 Nbd7 8.Bf4 Bxf4
9.gxf4 Qc7 10.Ne5 Nh5 11.e3 f5 12.cxd5 Nb8 13.dxc6 Nf6 14.Nc3 O-O 15.Nb5 
Qe7 16.c7 Nd5 17.cxb8=Q Rxb8 18.Rac1 Bb7 19.Nc3 Nb4 20.Qd1 Bxg2 21.Kxg2 
Qb7+ 22.Qf3 Qe7 23.a3 Qh4 1-0

[Event "29. Friedensfest-Open (AFRO-A)"]
[Site "Augsburg"]
[Date "2024.08.08"]
[Round "2.47"]
[White "Holuba, Stefan"]
[Black "Erhardt, Daniel"]
[Result "1/2-1/2"]
[WhiteElo "1692"]
[BlackElo "1807"]
[EventDate "2024.08.08"]
[Time "15:30:00"]
[WhiteNrv "1692"]
[BlackNrv "1807"]
[WhiteTwz "1692"]
[BlackTwz "1807"]
[WhiteFideId "34667520"]
[BlackFideId "16249429"]
[WhiteNatFedId "10088445"]
[BlackNatFedId "10604919"]
[WhiteAttr "M"]
[BlackAttr "M"]
[WhiteTeam "SK Caissa Augsburg"]
[BlackTeam "SC Ostfildern 1952 e.V."]
[PlyCount "0"]

1.e4 c5 2.Nc3 Nc6 3.Nf3 g6 4.Bc4 Bg7 5.O-O e5 6.a3 Nge7 7.Ng5 O-O 8.f4 h6 
9.Nh3 exf4 10.Nxf4 Ne5 11.Ba2 Kh7 12.Ncd5 Nxd5 13.Nxd5 d6 14.Qe1 f5 15.d3 
b5 16.Qg3 Ng4 17.h3 Bd4+ 18.Kh1 fxe4 19.Nf4 g5 20.hxg4 Be5 21.Qe3 gxf4 22.
Qxe4+ Kg7 23.Bxf4 Qh4+ 24.Kg1 Bd4+ 25.Be3 Bxe3+ 26.Qxe3 Bxg4 27.Rxf8 Rxf8 
28.Re1 Kh8 29.Qd2 1/2-1/2

[Event "29. Friedensfest-Open (AFRO-A)"]
[Site "Augsburg"]
[Date "2024.08.08"]
[Round "2.48"]
[White "Bilous, Danylo"]
[Black "Zimmer, Maximilian"]
[Result "1-0"]
[WhiteElo "1797"]
[BlackElo "1610"]
[EventDate "2024.08.08"]
[Time "15:30:00"]
[WhiteNrv "1797"]
[BlackNrv "1610"]
[WhiteTwz "1797"]
[BlackTwz "1610"]
[WhiteFideId "34130004"]
[BlackFideId "16285727"]
[WhiteNatFedId "10754362"]
[BlackNatFedId "10680574"]
[WhiteAttr "M"]
[BlackAttr "M"]
[WhiteTeam "SG Buechenbach/Roth e.V."]
[BlackTeam "SC Heideck-Hilpoltstein"]
[PlyCount "0"]

1.d4 d5 2.c4 c6 3.Nc3 Nf6 4.Nf3 dxc4 5.a4 Bf5 6.Ne5 Nbd7 7.Nxc4 e6 8.Bg5 
Bb4 9.Qb3 a5 10.e3 h6 11.Bh4 O-O 12.Be2 c5 13.Rd1 cxd4 14.exd4 Qc7 15.Bg3 
Qc6 16.O-O Rac8 17.Rc1 Ne4 18.Rfd1 Bxc3 19.bxc3 Nxg3 20.hxg3 b6 21.Ne3 Bg6
22.c4 Rfd8 23.d5 exd5 24.cxd5 Qb7 25.Rxc8 Rxc8 26.Bg4 Rd8 27.Qb5 Nf6 28.
Bf3 Be4 29.Bxe4 Nxe4 30.Qc6 Qxc6 31.dxc6 Rc8 32.Nf5 Kf8 33.c7 Ke8 34.Re1 
1-0